Library Banner

Physiology and hygiene of materials and clothing (Record no. 1356)

MARC details
000 -LEADER
fixed length control field 00451nam a2200169Ia 4500
001 - CONTROL NUMBER
control field 1047
008 - FIXED-LENGTH DATA ELEMENTS--GENERAL INFORMATION
fixed length control field 140313s9999 xx 000 0 und d
020 ## - INTERNATIONAL STANDARD BOOK NUMBER
International Standard Book Number 1855739828
040 ## - CATALOGING SOURCE
Transcribing agency PK-LaUMT
082 ## - DEWEY DECIMAL CLASSIFICATION NUMBER
Classification number 613.4
Item number REN-P
100 ## - MAIN ENTRY--PERSONAL NAME
Personal name E. T. Renbourn
245 ## - TITLE STATEMENT
Title Physiology and hygiene of materials and clothing
Statement of responsibility, etc E. T. Renbourn
260 ## - PUBLICATION, DISTRIBUTION, ETC. (IMPRINT)
Place of publication, distribution, etc Cambridge, UK:
Name of publisher, distributor, etc Woodhead Publishing Limited,
Date of publication, distribution, etc 2004.
300 ## - PHYSICAL DESCRIPTION
Extent 52 p.
650 ## - SUBJECT ADDED ENTRY--TOPICAL TERM
Topical term or geographic name as entry element Clothing
942 ## - ADDED ENTRY ELEMENTS (KOHA)
Koha item type Books
Holdings
Withdrawn status Lost status Damaged status Not for loan Home library Current library Date acquired Total Checkouts Full call number Barcode Date last seen Price effective from Koha item type
        UMT Main Campus UMT Main Campus 2014-03-13   613.4 REN-P 35324 2014-03-13 2014-03-13 Books